[Event "SVK-chT3A2 2223"]
[Site "Slovakia"]
[Date "2023.03.19"]
[Round "9.2"]
[White "Strapko, Tomas"]
[Black "Sekera, Branislav"]
[Result "0-1"]
[WhiteElo "1859"]
[BlackElo "2044"]
[PlyCount "76"]
[EventDate "2022.10.16"]
[EventType "team-tourn"]
[EventRounds "9"]
[EventCountry "SVK"]
[SourceTitle "EXT 2024"]
[Source "ChessBase"]
[SourceDate "2023.10.10"]
[SourceVersion "1"]
[SourceVersionDate "2023.10.10"]
[SourceQuality "1"]
[WhiteTeam "Piestany Kupele II"]
[BlackTeam "Modranka Komplet II"]
[WhiteTeamCountry "SVK"]
[BlackTeamCountry "SVK"]

1. e4 g6 2. d4 Bg7 3. c4 d6 4. Nc3 c6 5. Nf3 Qc7 6. Be3 e5 7. Be2 Nd7 8. Qd2 Ngf6 9. Bh6 0-0 10. h4 Re8 11. Bxg7 Kxg7 12. dxe5 dxe5 13. 0-0-0 Nc5 14. Qe3 Ne6 15. Ng5 h6 16. Nxe6+ Bxe6 17. Kb1 Qe7 18. Rd2 b6 19. Rhd1 Rad8 20. g3 Rxd2 21. Rxd2 Nd7 22. h5 g5 23. f4 exf4 24. gxf4 gxf4 25. Qxf4 Qg5 26. Qxg5+ hxg5 27. Nd1 Ne5 28. Ne3 Kf6 29. Rd1 g4 30. h6 Rh8 31. Rf1+ Kg5 32. Nf5 Nxc4 33. Kc2 Ne5 34. b3 f6 35. Kd2 Bxf5 36. Rxf5+ Kg6 37. Rf4 Rxh6 38. Bxg4 Kg5 0-1

[Event "SVK-chT3A2 2122"]
[Site "Slovakia"]
[Date "2022.05.08"]
[Round "7.2"]
[White "Kozinka, Roman"]
[Black "Strapko, Tomas"]
[Result "1-0"]
[WhiteElo "1937"]
[BlackElo "1866"]
[PlyCount "81"]
[EventDate "2021.10.10"]
[EventType "team-tourn"]
[EventRounds "11"]
[EventCountry "SVK"]
[SourceTitle "EXT 2024"]
[Source "ChessBase"]
[SourceDate "2023.10.10"]
[SourceVersion "1"]
[SourceVersionDate "2023.10.10"]
[SourceQuality "1"]
[WhiteTeam "Modranka Komplet"]
[BlackTeam "Piestany Kupele II"]
[WhiteTeamCountry "SVK"]
[BlackTeamCountry "SVK"]

1. c4 Nf6 2. Nc3 g6 3. Nf3 Bg7 4. g3 0-0 5. Bg2 c5 6. d4 cxd4 7. Nxd4 a6 8. 0-0 d6 9. Bg5 Nbd7 10. Qd2 Qc7 11. Rac1 Rb8 12. b3 b6 13. Nc6 Re8 14. Nxb8 Qxb8 15. Rfd1 Bb7 16. Bxb7 Qxb7 17. Nd5 Ne4 18. Qe3 Nxg5 19. Qxg5 e6 20. Nc3 Nc5 21. Qe3 Bxc3 22. Rxc3 a5 23. f3 Qc6 24. Qd4 Rd8 25. Qf6 Qc7 26. Kg2 e5 27. g4 Ne6 28. e3 Rd7 29. Rcd3 a4 30. h4 axb3 31. axb3 Qc5 32. h5 gxh5 33. gxh5 e4 34. Rd5 Qxe3 35. Kh1 exf3 36. Rg1+ Kf8 37. Rf5 Qxb3 38. Qxe6 Qa4 39. Re1 Rc7 40. Qh6+ Kg8 41. Rg5+ 1-0

[Event "SVK-chT4 A21 1819"]
[Site "Slovakia"]
[Date "2019.02.03"]
[Round "8.3"]
[White "Strapko, Tomas"]
[Black "Romanova, Ela"]
[Result "1-0"]
[WhiteElo "1882"]
[BlackElo "1362"]
[PlyCount "43"]
[EventDate "2018.10.14"]
[EventType "team-tourn"]
[EventRounds "11"]
[EventCountry "SVK"]
[SourceTitle "CBM 189 Extra"]
[Source "ChessBase"]
[SourceDate "2019.06.03"]
[SourceVersion "1"]
[SourceVersionDate "2019.06.03"]
[SourceQuality "1"]
[WhiteTeam "Piestany Kupele III"]
[BlackTeam "Skalica III"]
[WhiteTeamCountry "SVK"]
[BlackTeamCountry "SVK"]

1. e4 e5 2. Nf3 Nc6 3. Bb5 a6 4. Ba4 Nf6 5. 0-0 d6 6. Re1 b5 7. Bb3 Na5 8. c3 Nxb3 9. axb3 c5 10. d4 cxd4 11. cxd4 exd4 12. Qxd4 Be7 13. e5 dxe5 14. Qxe5 Kf8 15. Bf4 Bb4 16. Nc3 Be6 17. Nd4 Qe8 18. Ne4 Nxe4 19. Rxe4 Bd7 20. Qd5 Qc8 21. Rc1 Qd8 22. Bc7 1-0

[Event "SVK-chT3A2 1213"]
[Site "Slovakia"]
[Date "2013.03.24"]
[Round "11.1"]
[White "Strapko, Tomas"]
[Black "Pericka, Pavol"]
[Result "1-0"]
[WhiteElo "1880"]
[BlackElo "1821"]
[PlyCount "97"]
[EventDate "2012.10.07"]
[EventType "team-tourn"]
[EventRounds "11"]
[EventCountry "SVK"]
[SourceTitle "EXT 2015"]
[Source "ChessBase"]
[SourceDate "2014.11.20"]
[SourceVersion "1"]
[SourceVersionDate "2014.11.20"]
[SourceQuality "1"]
[WhiteTeam "Piestany Kupele II"]
[BlackTeam "Senica CVC"]
[WhiteTeamCountry "SVK"]
[BlackTeamCountry "SVK"]

1. d4 d5 2. c4 e6 3. Nc3 c5 4. e3 Nf6 5. Nf3 cxd4 6. exd4 dxc4 7. Bxc4 Be7 8. 0-0 0-0 9. Bf4 Nh5 10. Be3 Qc7 11. Bb3 a6 12. Rc1 Nc6 13. Qe2 Nf4 14. Bxf4 Qxf4 15. d5 Na5 16. Bc2 Bd6 17. Qe4 f5 18. Qxf4 Bxf4 19. Rce1 Rf6 20. Na4 exd5 21. Re8+ Rf8 22. Rxf8+ Kxf8 23. Nb6 Rb8 24. Nxd5 Bd6 25. Nb6 g6 26. Re1 Bc5 27. Nxc8 Rxc8 28. Re2 Nc4 29. g3 Nxb2 30. Bxf5 gxf5 31. Rxb2 b5 32. Rc2 Rc7 33. Nd4 Kf7 34. Nxf5 Bb6 35. Rxc7+ Bxc7 36. Kf1 b4 37. Ke2 a5 38. Kd3 Kf6 39. Ne3 Ke5 40. f4+ Ke6 41. Ke4 a4 42. Nc2 Bd6 43. g4 Ke7 44. Nd4 Kd7 45. h4 Bc5 46. g5 Bxd4 47. Kxd4 Ke6 48. h5 Kf5 49. Kc4 1-0

[Event "SVK-chT2A 1213"]
[Site "Slovakia"]
[Date "2013.03.16"]
[Round "10.6"]
[White "Strapko, Tomas"]
[Black "Sosovicka, Matej"]
[Result "0-1"]
[WhiteElo "1880"]
[BlackElo "2001"]
[PlyCount "60"]
[EventDate "2012.10.13"]
[EventType "team-tourn"]
[EventRounds "11"]
[EventCountry "SVK"]
[SourceTitle "EXT 2015"]
[Source "ChessBase"]
[SourceDate "2014.11.20"]
[SourceVersion "1"]
[SourceVersionDate "2014.11.20"]
[SourceQuality "1"]
[WhiteTeam "Piestany Kupele"]
[BlackTeam "Devinska Nova Ves"]
[WhiteTeamCountry "SVK"]
[BlackTeamCountry "SVK"]

1. d4 d5 2. c4 c6 3. Nc3 Nf6 4. Nf3 e6 5. Bg5 Nbd7 6. e3 Qa5 7. Bxf6 Nxf6 8. a3 Bd6 9. Bd3 0-0 10. 0-0 Qd8 11. cxd5 exd5 12. h3 Qe7 13. Qc2 Re8 14. b4 a6 15. Bf5 Bc7 16. Rae1 Bxf5 17. Qxf5 a5 18. b5 Qxa3 19. bxc6 bxc6 20. Rc1 Qd6 21. g3 a4 22. Ne5 g6 23. Qd3 Qe6 24. h4 Bxe5 25. dxe5 Qxe5 26. Ne2 Rec8 27. Nf4 Ne4 28. Rfd1 a3 29. Ra1 Qb2 30. Ne2 a2 0-1

[Event "SVK-chT3A2 1213"]
[Site "Slovakia"]
[Date "2013.01.27"]
[Round "7.3"]
[White "Lanik, Miroslav"]
[Black "Strapko, Tomas"]
[Result "1/2-1/2"]
[WhiteElo "1945"]
[BlackElo "1880"]
[PlyCount "45"]
[EventDate "2012.10.07"]
[EventType "team-tourn"]
[EventRounds "11"]
[EventCountry "SVK"]
[SourceTitle "EXT 2015"]
[Source "ChessBase"]
[SourceDate "2014.11.20"]
[SourceVersion "1"]
[SourceVersionDate "2014.11.20"]
[SourceQuality "1"]
[WhiteTeam "Senica SK"]
[BlackTeam "Piestany Kupele II"]
[WhiteTeamCountry "SVK"]
[BlackTeamCountry "SVK"]

1. e4 c5 2. Nf3 Nc6 3. d4 cxd4 4. Nxd4 Nf6 5. Nc3 e5 6. Ndb5 d6 7. Nd5 Nxd5 8. exd5 Ne7 9. c4 Ng6 10. Be3 a6 11. Nc3 Bd7 12. Bd3 f5 13. f3 Be7 14. 0-0 0-0 15. Qe2 Bg5 16. Qd2 Bxe3+ 17. Qxe3 Nf4 18. Ne2 Nxd3 19. Qxd3 Qb6+ 20. Kh1 Rac8 21. b3 Qc5 22. a4 a5 23. Nc3 1/2-1/2

[Event "SVK-chT3A2 1011"]
[Site "Slovakia"]
[Date "2010.10.31"]
[Round "2.6"]
[White "Strapko, Tomas"]
[Black "Kahancova, Jana"]
[Result "1-0"]
[WhiteElo "1892"]
[BlackElo "1581"]
[PlyCount "45"]
[EventDate "2010.10.17"]
[EventType "team-tourn"]
[EventRounds "11"]
[EventCountry "SVK"]
[SourceTitle "EXT 2012"]
[Source "ChessBase"]
[SourceDate "2011.11.24"]
[SourceVersion "1"]
[SourceVersionDate "2011.11.24"]
[SourceQuality "1"]
[WhiteTeam "Piestany Kupele II"]
[BlackTeam "Dunajska Streda SK III"]
[WhiteTeamCountry "SVK"]
[BlackTeamCountry "SVK"]

1. d4 d5 2. c4 e6 3. Nc3 Nf6 4. Nf3 Be7 5. Bg5 c6 6. e3 Nbd7 7. Bd3 dxc4 8. Bxc4 Nb6 9. Bb3 h6 10. Bh4 Nbd5 11. 0-0 0-0 12. Bc2 Qc7 13. a3 b6 14. Qd3 g6 15. Bg3 Qd8 16. Ne5 c5 17. Nxg6 fxg6 18. Qxg6+ Kh8 19. Qxh6+ Kg8 20. Qg6+ Kh8 21. Be5 Rf7 22. Qxf7 Qg8 23. Qh5+ 1-0

[Event "SVK-chT2A 10/11"]
[Site "Slovakia"]
[Date "2010.10.24"]
[Round "2.8"]
[White "Koutny, Pavel"]
[Black "Strapko, Tomas"]
[Result "0-1"]
[WhiteElo "1834"]
[BlackElo "1892"]
[PlyCount "70"]
[EventDate "2010.10.23"]
[EventType "team-tourn"]
[EventRounds "11"]
[EventCountry "SVK"]
[SourceTitle "EXT 2019"]
[Source "ChessBase"]
[SourceDate "2018.10.10"]
[SourceVersion "1"]
[SourceVersionDate "2018.10.10"]
[SourceQuality "1"]
[WhiteTeam "Bratislava Slavia STU"]
[BlackTeam "Piestany Kupele"]
[WhiteTeamCountry "SVK"]
[BlackTeamCountry "SVK"]

1. e4 c5 2. Nc3 Nc6 3. g3 Nf6 4. Bg2 e6 5. Nf3 d5 6. exd5 exd5 7. d4 Be6 8. 0-0 h6 9. Re1 Be7 10. dxc5 Bxc5 11. Bh3 0-0 12. Bxe6 fxe6 13. Rxe6 Ne4 14. Kg2 Nxf2 15. Qxd5 Qxd5 16. Nxd5 Rxf3 17. Kxf3 Nd4+ 18. Kg2 Nxe6 19. b4 Bd4 20. c3 Be5 21. Kxf2 Rd8 22. Nf4 Nxf4 23. Bxf4 Bxc3 24. Rb1 Rd4 25. b5 Ra4 26. Rc1 Rxa2+ 27. Kf3 Bf6 28. Rc8+ Kh7 29. Rc7 b6 30. Rd7 Rxh2 31. Bb8 Rb2 32. Rd5 Ra2 33. Bc7 Ra5 34. Kg4 a6 35. Bxb6 Rxb5 0-1

[Event "SVK-ch U12"]
[Site "Liptovsky Mikulas"]
[Date "2007.04.26"]
[Round "8"]
[White "Strapko, Tomas"]
[Black "Martinka, Tomas"]
[Result "0-1"]
[WhiteElo "1350"]
[BlackElo "1363"]
[PlyCount "38"]
[EventDate "2007.04.22"]
[EventType "swiss"]
[EventRounds "9"]
[EventCountry "SVK"]
[SourceTitle "EXT 2008"]
[Source "ChessBase"]
[SourceDate "2007.11.25"]
[SourceVersion "1"]
[SourceVersionDate "2007.11.25"]
[SourceQuality "1"]

1. e4 e6 2. d4 d5 3. Nd2 dxe4 4. Nxe4 Ne7 5. Nf3 Nf5 6. Bc4 Be7 7. 0-0 0-0 8. c3 b6 9. Bg5 Bb7 10. Bxe7 Qxe7 11. Qe2 Nd7 12. Bd3 Nh4 13. b4 f5 14. Ned2 Nxf3+ 15. Nxf3 Qd6 16. Qe5 Nxe5 17. Nxe5 Rf6 18. Nc4 Qc6 19. Rac1 Qxg2# 0-1

[Event "SVK-ch U12"]
[Site "Liptovsky Mikulas"]
[Date "2007.04.22"]
[Round "1"]
[White "Strapko, Tomas"]
[Black "Endresz, Pavol"]
[Result "1-0"]
[WhiteElo "1350"]
[BlackElo "1405"]
[PlyCount "145"]
[EventDate "2007.04.22"]
[EventType "swiss"]
[EventRounds "9"]
[EventCountry "SVK"]
[SourceTitle "EXT 2008"]
[Source "ChessBase"]
[SourceDate "2007.11.25"]
[SourceVersion "1"]
[SourceVersionDate "2007.11.25"]
[SourceQuality "1"]

1. e4 c5 2. Nf3 d6 3. Bc4 Nf6 4. d3 h6 5. Nc3 e6 6. h3 Be7 7. Be3 0-0 8. Bb3 Nc6 9. a3 a6 10. 0-0 Qd7 11. Ne2 d5 12. exd5 exd5 13. d4 c4 14. Ba2 Re8 15. b3 b5 16. b4 Ne4 17. c3 Qe6 18. Bb1 Qg6 19. Nf4 Qd6 20. Qc2 Bf5 21. Ne2 Qg6 22. Nf4 Qd6 23. Nd2 Bg5 24. Nxe4 dxe4 25. Qd2 Bxf4 26. Bxf4 Qg6 27. Qe3 Rad8 28. f3 exf3 29. Qxf3 Re6 30. d5 Ne5 31. Bxe5 Rxe5 32. Bxf5 Qf6 33. Rad1 g6 34. Bc2 Qxf3 35. Rxf3 Rdxd5 36. Rxd5 Rxd5 37. Kf1 f5 38. g4 Rd2 39. Rf2 Rxf2+ 40. Kxf2 fxg4 41. hxg4 Kg7 42. Ke3 Kf6 43. Kf4 g5+ 44. Ke4 Ke6 45. Kd4 Kd6 46. Be4 Kc7 47. Kc5 Kd7 48. Kb6 Ke6 49. Kxa6 Ke5 50. Bf5 h5 51. Bc8 hxg4 52. Bxg4 Kf4 53. Bc8 g4 54. Bxg4 Kxg4 55. Kxb5 Kf5 56. a4 Ke6 57. a5 Kd7 58. Kb6 Kc8 59. a6 Kb8 60. b5 Ka8 61. Kc7 Ka7 62. b6+ Kxa6 63. b7 Kb5 64. b8Q+ Kc5 65. Qb6+ Kd5 66. Qd6+ Ke4 67. Kc6 Ke3 68. Kc5 Ke2 69. Qf4 Kd3 70. Kb4 Kc2 71. Qe3 Kd1 72. Qf2 Kc1 73. Kxc4 1-0